[Event "36th European Club Cup 2021"]
[Site "Struga"]
[Date "2021.09.23"]
[Round "6.22"]
[White "Suleymanli, Aydin"]
[Black "Perunovic, Milos"]
[Result "1/2-1/2"]
[WhiteElo "2536"]
[BlackElo "2566"]
[Annotator "ChessBase"]
[PlyCount "74"]
[EventDate "2021.09.18"]
[EventType "team-tourn"]
[EventCountry "MKD"]
[SourceTitle "playchess.com"]
[Source "ChessBase"]
[SourceQuality "1"]
[TimeControl "40/5400+30:1800+30"]

1. d4 {[%emt 0:00:02]} Nf6 {[%emt 0:00:28]} 2. c4 {[%emt 0:01:05]} c5 {[%emt 0:
00:26]} 3. d5 {[%emt 0:00:07]} b5 {[%emt 0:00:27]} 4. Nf3 {[%emt 0:00:20]} g6 {
[%emt 0:04:39]} 5. cxb5 {[%emt 0:06:12]} a6 {[%emt 0:00:33]} 6. b6 {[%emt 0:00:
06]} Qxb6 {[%emt 0:02:13]} 7. Nc3 {[%emt 0:00:09]} Bg7 {[%emt 0:00:07]} 8. e4 {
[%emt 0:00:22]} d6 {[%emt 0:00:08]} 9. Nd2 {[%emt 0:00:22]} O-O {[%emt 0:02:56]
} 10. Be2 {[%emt 0:00:12]} Nbd7 {[%emt 0:01:56]} 11. Nc4 {[%emt 0:00:36]} Qd8 {
[%emt 0:00:08]} 12. Bf4 {[%emt 0:00:22]} Nb6 {[%emt 0:13:56]} 13. Ne3 {[%emt 0:
01:17]} a5 {[%emt 0:07:09]} 14. a4 {[%emt 0:01:27]} Ba6 {[%emt 0:00:59]} 15.
Bxa6 {[%emt 0:04:18]} Rxa6 {[%emt 0:02:11]} 16. Qe2 {[%emt 0:00:05]} Ra8 {
[%emt 0:04:41]} 17. O-O {[%emt 0:00:56]} Rb8 {[%emt 0:09:55]} 18. Rfd1 {
[%emt 0:01:01]} Qc8 {[%emt 0:09:20]} 19. h3 {[%emt 0:03:04]} Qb7 {[%emt 0:03:
29]} 20. Bh2 {[%emt 0:10:32]} Ne8 {[%emt 0:05:17]} 21. e5 {[%emt 0:04:57]} dxe5
{[%emt 0:03:49]} 22. Ng4 {[%emt 0:16:11]} Nd7 {[%emt 0:07:03]} 23. Nxe5 {
[%emt 0:02:28]} Nxe5 {[%emt 0:00:52]} 24. Bxe5 {[%emt 0:00:07]} Bxe5 {[%emt 0:
01:01]} 25. Qxe5 {[%emt 0:00:06]} Nd6 {[%emt 0:00:18]} 26. Rab1 {[%emt 0:01:24]
} Qd7 {[%emt 0:02:30]} 27. Re1 {[%emt 0:00:42]} Rb7 {[%emt 0:00:52]} 28. Re2 {
[%emt 0:01:25]} Rfb8 {[%emt 0:03:08]} 29. Rbe1 {[%emt 0:01:36]} Rxb2 {[%emt 0:
09:11]} 30. Qxe7 {[%emt 0:00:45]} Qxe7 {[%emt 0:00:11]} 31. Rxe7 {[%emt 0:00:
09]} Rc2 {[%emt 0:01:45]} 32. Nb5 {[%emt 0:04:31]} Rd8 {[%emt 0:00:21]} 33. Ra7
{[%emt 0:03:51]} Nxb5 {[%emt 0:03:20]} 34. axb5 {[%emt 0:00:25]} Rxd5 {[%emt 0:
01:02]} 35. Rb1 {[%emt 0:03:02]} Rdd2 {[%emt 0:00:36]} 36. b6 {[%emt 0:00:32]}
Rxf2 {[%emt 0:00:54]} 37. b7 {[%emt 0:00:17]} Rxg2+ {[%emt 0:00:05]} 1/2-1/2

[Event "36th European Club Cup 2021"]
[Site "Struga"]
[Date "2021.09.23"]
[Round "6.23"]
[White "Miljkovic, Miroslav D"]
[Black "Sadikhov, Ulvi"]
[Result "1/2-1/2"]
[WhiteElo "2470"]
[BlackElo "2509"]
[Annotator "ChessBase"]
[PlyCount "60"]
[EventDate "2021.09.18"]
[EventType "team-tourn"]
[EventCountry "MKD"]
[SourceTitle "playchess.com"]
[Source "ChessBase"]
[SourceQuality "1"]
[TimeControl "40/5400+30:1800+30"]

1. d4 {[%emt 0:00:03]} d6 {[%emt 0:00:05]} 2. c4 {[%emt 0:01:24]} e5 {[%emt 0:
00:15]} 3. Nc3 {[%emt 0:00:29]} exd4 {[%emt 0:00:14]} 4. Qxd4 {[%emt 0:00:07]}
Nc6 {[%emt 0:00:09]} 5. Qd2 {[%emt 0:00:08]} Nf6 {[%emt 0:00:27]} 6. b3 {
[%emt 0:05:01]} g6 {[%emt 0:00:45]} 7. Bb2 {[%emt 0:03:14]} Bg7 {[%emt 0:00:16]
} 8. g3 {[%emt 0:01:56]} O-O {[%emt 0:00:08]} 9. Bg2 {[%emt 0:05:48]} Re8 {
[%emt 0:00:08]} 10. Nf3 {[%emt 0:01:22]} Bf5 {[%emt 0:00:30]} 11. O-O {[%emt 0:
01:38]} Ne4 {[%emt 0:00:10]} 12. Nxe4 {[%emt 0:00:17]} Bxe4 {[%emt 0:00:12]}
13. Rfd1 {[%emt 0:07:18]} a5 {[%emt 0:01:57]} 14. a3 {[%emt 0:03:30]} Qe7 {
[%emt 0:14:27]} 15. Rac1 {[%emt 0:03:13]} Rad8 {[%emt 0:17:12]} 16. Bxg7 {
[%emt 0:23:49]} Kxg7 {[%emt 0:00:07]} 17. b4 {[%emt 0:02:12]} axb4 {[%emt 0:02:
03]} 18. axb4 {[%emt 0:00:14]} Qf6 {[%emt 0:09:53]} 19. b5 {[%emt 0:05:14]} Ne5
{[%emt 0:11:47]} 20. Nxe5 {[%emt 0:00:55]} Qxe5 {[%emt 0:02:40]} 21. Bxe4 {
[%emt 0:04:35]} Qxe4 {[%emt 0:00:08]} 22. b6 {[%emt 0:04:52]} Qxe2 {[%emt 0:12:
03]} 23. Qxe2 {[%emt 0:08:35]} Rxe2 {[%emt 0:02:12]} 24. bxc7 {[%emt 0:00:02]}
Rc8 {[%emt 0:00:16]} 25. Rxd6 {[%emt 0:03:28]} Rxc7 {[%emt 0:00:05]} 26. Rb6 {
[%emt 0:00:34]} Re4 {[%emt 0:00:21]} 27. Kg2 {[%emt 0:00:33]} Rexc4 {[%emt 0:
00:04]} 28. Rxc4 {[%emt 0:00:13]} Rxc4 {[%emt 0:00:02]} 29. Rxb7 {[%emt 0:00:
02]} h5 {[%emt 0:00:04]} 30. h4 {[%emt 0:00:06]} Rc6 {[%emt 0:00:02]} 1/2-1/2

[Event "36th European Club Cup 2021"]
[Site "Struga"]
[Date "2021.09.23"]
[Round "6.24"]
[White "Ahmadzada, Ahmad"]
[Black "Stankovic, Milos"]
[Result "1-0"]
[WhiteElo "2462"]
[BlackElo "2409"]
[Annotator "ChessBase"]
[PlyCount "61"]
[EventDate "2021.09.18"]
[EventType "team-tourn"]
[EventCountry "MKD"]
[SourceTitle "playchess.com"]
[Source "ChessBase"]
[SourceQuality "1"]
[TimeControl "40/5400+30:1800+30"]

1. e4 {[%emt 0:00:06]} c6 {[%emt 0:01:13]} 2. d4 {[%emt 0:00:30]} d5 {[%emt 0:
00:28]} 3. exd5 {[%emt 0:00:10]} cxd5 {[%emt 0:00:29]} 4. Bd3 {[%emt 0:00:06]}
Nf6 {[%emt 0:00:31]} 5. h3 {[%emt 0:03:15]} g6 {[%emt 0:00:27]} 6. Nf3 {
[%emt 0:00:48]} Nc6 {[%emt 0:00:28]} 7. O-O {[%emt 0:01:39]} Bg7 {[%emt 0:00:
46]} 8. c3 {[%emt 0:01:52]} O-O {[%emt 0:01:17]} 9. Qc2 {[%emt 0:11:57]} Qc7 {
[%emt 0:00:59]} 10. Be3 {[%emt 0:16:06]} Nh5 {[%emt 0:02:59]} 11. Qc1 {[%emt 0:
00:25]} e5 {[%emt 0:05:49]} 12. dxe5 {[%emt 0:00:42]} Nxe5 {[%emt 0:00:15]} 13.
Nxe5 {[%emt 0:05:52]} Bxe5 {[%emt 0:00:36]} 14. Re1 {[%emt 0:00:19]} Nf4 {
[%emt 0:02:56]} 15. Bf1 {[%emt 0:02:05]} Bf5 {[%emt 0:01:37]} 16. Nd2 {[%emt 0:
02:11]} Bd6 {[%emt 0:07:26]} 17. Nf3 {[%emt 0:08:54]} Be4 {[%emt 0:12:44]} 18.
Ng5 {[%emt 0:01:06]} Rad8 {[%emt 0:03:52]} 19. Nxe4 {[%emt 0:06:01]} dxe4 {
[%emt 0:00:58]} 20. Qc2 {[%emt 0:01:43]} Rfe8 {[%emt 0:22:19]} 21. Rad1 {
[%emt 0:03:01]} b6 {[%emt 0:05:15]} 22. Bd4 {[%emt 0:06:17]} Qe7 {[%emt 0:04:
36]} 23. g3 {[%emt 0:02:53]} Nh5 {[%emt 0:02:55]} 24. Bb5 {[%emt 0:01:20]} Qe6
{[%emt 0:04:05]} 25. Bxe8 {[%emt 0:01:39]} Rxe8 {[%emt 0:00:07]} 26. Kg2 {
[%emt 0:02:23]} Qxa2 {[%emt 0:02:00]} 27. Rxe4 {[%emt 0:03:32]} Qd5 {[%emt 0:
03:15]} 28. f3 {[%emt 0:00:33]} Rc8 {[%emt 0:00:47]} 29. Be5 {[%emt 0:02:19]}
Qxe5 {[%emt 0:01:36]} 30. Rxe5 {[%emt 0:00:19]} Bxe5 {[%emt 0:00:05]} 31. f4 {
[%emt 0:00:14]} 1-0

[Event "36th European Club Cup 2021"]
[Site "Struga"]
[Date "2021.09.23"]
[Round "6.25"]
[White "Grischuk, Alexander"]
[Black "Markoja, Boris"]
[Result "1-0"]
[WhiteElo "2775"]
[BlackElo "2453"]
[Annotator "TA"]
[PlyCount "109"]
[EventDate "2021.09.18"]
[EventType "team-tourn"]
[EventCountry "MKD"]
[SourceTitle "playchess.com"]
[Source "ChessBase"]
[SourceQuality "1"]

{[%evp 13,109,6,11,0,26,23,33,30,32,22,33,23,46,62,50,50,61,70,68,46,68,41,46,
47,44,48,60,60,109,109,108,110,104,112,105,89,91,97,119,104,116,115,126,95,125,
98,111,93,113,119,135,0,100,0,148,140,137,138,132,125,225,210,222,133,216,221,
221,221,221,221,285,221,221,221,221,221,221,0,210,203,221,206,325,213,543,498,
542,550,525,354,795,687,817,797,743,722,580,576]} 1. e4 e6 2. d4 d5 3. Nc3 Nf6
4. e5 Nfd7 5. f4 c5 6. Nf3 Nc6 7. Be3 Be7 8. a3 {C11: French: Classical System:
4 e5 and 4 Bg5 dxe4.} O-O 9. dxc5 Bxc5 10. Bxc5 {White is slightly better.}
Nxc5 11. b4 Nd7 12. Bd3 {Threatens to win with Bxh7+!} f6 {[%cal Rf6e5]} 13.
O-O a6 14. Qe1 {[#]} Rf7 $146 ({Predecessor:} 14... fxe5 15. Ng5 e4 16. Nxe6
Qb6+ 17. Kh1 Nf6 18. Nxf8 Kxf8 19. Na4 Qc7 20. Be2 d4 {1-0 (51) Gafarov,D 
(1863)-Ardashirov,R (1376) Tuimazy 2019}) 15. Kh1 Nf8 16. Rd1 Bd7 17. f5 fxe5
18. Nxe5 Nxe5 19. Qxe5 Qg5 20. Rde1 exf5 21. Qxd5 {Strongly threatening Bc4.}
Bc6 22. Rxf5 Qxf5 23. Qxf5 Rxf5 24. Bxf5 Rd8 25. Kg1 Rd4 26. Bd3 Nd7 27. g3 Nf6
28. h3 Bd7 29. Kg2 Kf7 30. Re5 Bc6+ 31. Kf2 Bd7 32. Kg2 Bc6+ 33. Kf2 Bd7 $1 34.
Ke3 Rd6 35. Ne4 Nxe4 36. Bxe4 $16 {[%mdl 4096] Endgame aiming for Rd5. KRB-KRB}
Kf6 {[#]} (36... b6 $16 {keeps fighting.} 37. g4 (37. Bxh7 g6 $11) 37... Be6)
37. Rh5 $1 $18 Bc6 38. Rf5+ ({Weaker is} 38. Bxh7 g6 $11) (38. Rxh7 $18 Bxe4
39. Kxe4) 38... Ke6 {[#]} (38... Ke7 $16 {is a better defense.}) 39. Rc5 $1
Bxe4 40. Kxe4 {KR-KR} Rd7 41. a4 {[%cal Ba3a4,Ba4a5][%mdl 32]} g6 42. a5 Rf7
43. g4 Kd6 44. Rd5+ Kc7 45. Rc5+ $2 (45. h4 $18) 45... Kd7 $2 (45... Kd6 $11 {
and Black has nothing to worry.}) 46. h4 Rf1 47. h5 Rf2 (47... gxh5 $142 48.
Rxh5 Rf7) 48. c3 Kd6 $2 (48... gxh5 49. Rd5+ (49. gxh5 Rh2 $16) (49. Rxh5 Re2+
50. Kf5 Rf2+ 51. Ke5 Rf7 $18) 49... Kc8) 49. Rg5 Rf6 50. hxg6 hxg6 51. Rd5+ Kc7
$2 (51... Ke6 52. Re5+ Kd6) 52. Ke5 {White is clearly winning.} Rf3 53. g5 Rf1
54. Ke6 Rf3 55. Ke7 {Weighted Error Value: White=0.24/Black=0.33} 1-0

[Event "36th European Club Cup 2021"]
[Site "Struga"]
[Date "2021.09.23"]
[Round "6.27"]
[White "Zvjaginsev, Vadim"]
[Black "Mikhalchishin, Adrian"]
[Result "1-0"]
[WhiteElo "2603"]
[BlackElo "2455"]
[Annotator "ChessBase"]
[PlyCount "77"]
[EventDate "2021.09.18"]
[EventType "team-tourn"]
[EventCountry "MKD"]
[SourceTitle "playchess.com"]
[Source "ChessBase"]
[SourceQuality "1"]
[TimeControl "40/5400+30:1800+30"]

1. e4 {[%emt 0:00:05]} e5 {[%emt 0:00:09]} 2. Nf3 {[%emt 0:00:06]} Nc6 {
[%emt 0:00:07]} 3. d4 {[%emt 0:00:04]} exd4 {[%emt 0:00:13]} 4. Nxd4 {[%emt 0:
00:05]} Qf6 {[%emt 0:01:04]} 5. Nxc6 {[%emt 0:00:15]} dxc6 {[%emt 0:04:58]} 6.
Nc3 {[%emt 0:01:27]} Bd6 {[%emt 0:05:15]} 7. Be3 {[%emt 0:14:02]} Qg6 {[%emt 0:
06:23]} 8. Qd2 {[%emt 0:04:14]} f5 {[%emt 0:02:05]} 9. Bf4 {[%emt 0:26:14]}
fxe4 {[%emt 0:04:52]} 10. Bxd6 {[%emt 0:00:12]} cxd6 {[%emt 0:07:24]} 11. O-O-O
{[%emt 0:00:31]} d5 {[%emt 0:17:53]} 12. Nxd5 {[%emt 0:02:39]} Qd6 {[%emt 0:17:
48]} 13. Nc3 {[%emt 0:15:11]} Qxd2+ {[%emt 0:00:14]} 14. Rxd2 {[%emt 0:00:19]}
Nf6 {[%emt 0:00:06]} 15. Bc4 {[%emt 0:00:15]} Bf5 {[%emt 0:04:14]} 16. Re1 {
[%emt 0:00:13]} Kf8 {[%emt 0:00:06]} 17. a4 {[%emt 0:02:57]} g6 {[%emt 0:08:18]
} 18. Nd1 {[%emt 0:05:51]} Re8 {[%emt 0:04:14]} 19. Ne3 {[%emt 0:00:51]} Kg7 {
[%emt 0:01:12]} 20. h3 {[%emt 0:01:08]} h5 {[%emt 0:00:27]} 21. b4 {[%emt 0:00:
15]} h4 {[%emt 0:02:48]} 22. Kb2 {[%emt 0:05:11]} Bc8 {[%emt 0:03:53]} 23. b5 {
[%emt 0:02:12]} Bd7 {[%emt 0:01:15]} 24. Be2 {[%emt 0:03:27]} Re7 {[%emt 0:00:
45]} 25. c4 {[%emt 0:01:13]} c5 {[%emt 0:02:19]} 26. Kc3 {[%emt 0:01:20]} Rf8 {
[%emt 0:00:15]} 27. Bd1 {[%emt 0:00:49]} Ref7 {[%emt 0:00:41]} 28. a5 {[%emt 0:
00:58]} Bc8 {[%emt 0:00:37]} 29. Bc2 {[%emt 0:02:11]} Bf5 {[%emt 0:01:16]} 30.
Red1 {[%emt 0:01:04]} Re7 {[%emt 0:00:55]} 31. Rd6 {[%emt 0:00:37]} Bc8 {
[%emt 0:00:29]} 32. R1d2 {[%emt 0:01:07]} Rd7 {[%emt 0:00:24]} 33. Rxd7+ {
[%emt 0:01:44]} Bxd7 {[%emt 0:00:01]} 34. Rd6 {[%emt 0:01:57]} Bf5 {[%emt 0:00:
20]} 35. b6 {[%emt 0:01:18]} axb6 {[%emt 0:01:53]} 36. Rxb6 {[%emt 0:00:05]}
Rf7 {[%emt 0:00:03]} 37. Nd5 {[%emt 0:02:34]} Ne8 {[%emt 0:02:30]} 38. Kd2 {
[%emt 0:00:32]} Rd7 {[%emt 0:00:12]} 39. Ba4 {[%emt 0:00:16]} 1-0

[Event "36th European Club Cup 2021"]
[Site "Struga"]
[Date "2021.09.23"]
[Round "6.28"]
[White "Skuhala, Jernej"]
[Black "Rublevsky, Sergei"]
[Result "0-1"]
[WhiteElo "2351"]
[BlackElo "2641"]
[Annotator "TA"]
[PlyCount "138"]
[EventDate "2021.09.18"]
[EventType "team-tourn"]
[EventCountry "MKD"]
[SourceTitle "playchess.com"]
[Source "ChessBase"]
[SourceQuality "1"]

{[%evp 11,138,22,25,18,18,22,45,25,45,0,0,0,20,17,68,17,16,12,16,13,16,12,18,0,
0,0,0,-23,-5,-30,-17,-43,-27,-47,-26,-44,-14,-45,0,-28,-8,-22,-22,-22,0,0,0,0,
0,-7,0,0,0,-4,0,-22,0,0,0,0,0,0,0,0,0,-22,-9,-22,0,-10,-12,-35,-33,-71,-37,-53,
-52,-91,-91,-91,-91,-91,-91,-91,-91,-91,-91,-91,-91,-91,-91,-91,-91,-91,-91,
-91,0,-91,-91,-91,-91,-91,0,-91,-91,-91,-91,-91,-77,-91,-84,-91,-91,-91,-27,
-124,-130,-393,-389,-491,-491,-479,-462,-469,-464,-454,-454,-525,-525]} 1. e4
c5 2. Nf3 e6 3. d4 cxd4 4. Nxd4 Nc6 5. Nc3 a6 6. Be3 Nf6 7. Qf3 {B46: Sicilian:
Taimanov: 5 Nc3 a6.} Bb4 8. Nxc6 bxc6 9. Bd3 {White is slightly better.} d5 {
Strongly threatening ...d4.} 10. e5 Nd7 11. Qg3 Bf8 12. O-O c5 {[#]} (12... Qc7
$11) 13. Nd1 $146 (13. f4 $1 $14) ({Predecessor:} 13. Bf4 Bb7 14. b3 Nb6 15. a4
c4 16. bxc4 Nxc4 17. Rab1 Qc7 18. Bxc4 dxc4 19. Rfd1 {1/2-1/2 (34) Wallace,P 
(2278)-Kenworthy,G (2299) Sunningdale 2007}) 13... Bb7 14. c4 d4 15. Bd2 g6 16.
f4 Be7 17. Qe1 a5 18. Nf2 a4 19. Be4 Qb6 20. Nd3 O-O 21. Rb1 Rfb8 22. Nf2 Bxe4
23. Qxe4 Ra7 {[%cal Ba8a7,Ba7b7,Bb7b6][%mdl 32]} 24. Rfc1 Rab7 25. Rc2 Qa6 26.
Nd3 Qa8 {aiming for ...Rxb2.} 27. Re1 Rb6 28. Qxa8 Rxa8 29. g3 Re8 30. Bc1 h5
31. Kg2 Kg7 32. h3 Rh8 33. Rce2 Rc6 34. Kf3 Bd8 (34... Rb8 {feels hotter.} 35.
Bd2 Rcb6 36. Rb1 R6b7 37. Ree1 Ra8) 35. Bd2 Ra6 (35... Bb6 {is interesting.}
36. Rh2 Rcc8 37. Rhh1 Ra8 38. Ra1 Ra7) 36. Rb1 Ba5 (36... Bb6 {seems wilder.}
37. Ree1 Nb8 38. Rh1 Nd7 39. Ra1 Ra7) 37. Bxa5 Rxa5 38. h4 Rha8 39. Rbe1 Nb8
40. Rd2 Nc6 41. Rde2 Rb8 42. Rd1 Ne7 43. Rb1 Nf5 44. Rc1 Kf8 45. Rb1 Ne3 46.
Rc1 Ke7 47. Ke4 Nf5 48. Kf3 Kd7 49. Rb1 Kc6 50. Rc1 Ra7 51. Rb1 Rab7 52. Rc1
Ne3 53. Ke4 Nf5 (53... Ra8 $17) 54. Rg2 (54. Kf3 $1 $11 {remains equal.}) 54...
Rb6 55. Kf3 Ne3 56. Re2 Nf5 57. Rg2 $1 Ng7 58. Rd2 Ne8 59. Rg1 Nc7 60. Re1 Na6
61. Ree2 Nb4 {...Nxd3 is the strong threat.} 62. Nc1 d3 ({Better is} 62... Ra8
$17) 63. Re4 {[#]} (63. Nxd3 $11 {keeps the balance.} Nxa2 64. Re1) 63... Nxa2
$1 $17 {[%mdl 512]} 64. Nxa2 $2 {[%mdl 8192] Loses the game.} (64. Nxd3 $17 {
only move.} Nb4 65. Nf2) 64... Rxb2 $19 65. Rxb2 Rxb2 $17 {KRN-KR. Black is
clearly winning.} 66. Nc3 {[#]} a3 $1 67. Ke3 a2 68. Nxa2 Rxa2 69. Kf3 Rc2 {
Weighted Error Value: White=0.13/Black=0.12} 0-1

[Event "36th European Club Cup 2021"]
[Site "Struga"]
[Date "2021.09.23"]
[Round "6.29"]
[White "Alekseev, Evgeny"]
[Black "Buzeti, Jernej"]
[Result "1/2-1/2"]
[WhiteElo "2610"]
[BlackElo "2236"]
[Annotator "ChessBase"]
[PlyCount "83"]
[EventDate "2021.09.18"]
[EventType "team-tourn"]
[EventCountry "MKD"]
[SourceTitle "playchess.com"]
[Source "ChessBase"]
[SourceQuality "1"]
[TimeControl "40/5400+30:1800+30"]

1. e4 {[%emt 0:00:14]} c5 {[%emt 0:00:26]} 2. Nf3 {[%emt 0:00:03]} d6 {[%emt 0:
00:16]} 3. d4 {[%emt 0:00:39]} cxd4 {[%emt 0:00:27]} 4. Nxd4 {[%emt 0:00:35]}
Nf6 {[%emt 0:00:20]} 5. Nc3 {[%emt 0:00:05]} g6 {[%emt 0:01:38]} 6. Be2 {
[%emt 0:07:01]} Bg7 {[%emt 0:00:29]} 7. Nb3 {[%emt 0:06:14]} Nc6 {[%emt 0:01:
40]} 8. Be3 {[%emt 0:01:32]} O-O {[%emt 0:05:45]} 9. O-O {[%emt 0:01:43]} a6 {
[%emt 0:01:06]} 10. a4 {[%emt 0:06:35]} Be6 {[%emt 0:08:13]} 11. f4 {[%emt 0:
08:02]} Na5 {[%emt 0:23:56]} 12. e5 {[%emt 0:10:17]} Ne8 {[%emt 0:08:47]} 13.
Nd4 {[%emt 0:02:01]} Bc4 {[%emt 0:02:26]} 14. Nf3 {[%emt 0:00:21]} Rc8 {
[%emt 0:08:04]} 15. Bf2 {[%emt 0:06:46]} Bxe2 {[%emt 0:07:02]} 16. Qxe2 {
[%emt 0:00:47]} Nc4 {[%emt 0:01:50]} 17. Bd4 {[%emt 0:04:13]} e6 {[%emt 0:02:
48]} 18. b3 {[%emt 0:04:13]} Na5 {[%emt 0:04:49]} 19. Ne4 {[%emt 0:11:28]} Nc6
{[%emt 0:06:03]} 20. Bb2 {[%emt 0:01:34]} Nb4 {[%emt 0:05:04]} 21. c4 {[%emt 0:
01:05]} d5 {[%emt 0:04:12]} 22. Rad1 {[%emt 0:02:27]} Qe7 {[%emt 0:01:12]} 23.
cxd5 {[%emt 0:02:54]} Nxd5 {[%emt 0:00:29]} 24. g3 {[%emt 0:02:53]} Nec7 {
[%emt 0:01:43]} 25. Nd6 {[%emt 0:01:17]} Rb8 {[%emt 0:00:06]} 26. Rc1 {[%emt 0:
01:18]} Rfd8 {[%emt 0:00:37]} 27. Ng5 {[%emt 0:06:34]} Rf8 {[%emt 0:01:29]} 28.
Ba3 {[%emt 0:01:40]} Qd7 {[%emt 0:00:12]} 29. Nge4 {[%emt 0:01:04]} b6 {
[%emt 0:01:40]} 30. Rc2 {[%emt 0:01:12]} b5 {[%emt 0:01:07]} 31. Nc5 {[%emt 0:
01:49]} Qd8 {[%emt 0:00:21]} 32. Rfc1 {[%emt 0:01:28]} h5 {[%emt 0:01:02]} 33.
Qe4 {[%emt 0:03:09]} Qe7 {[%emt 0:00:41]} 34. Kg2 {[%emt 0:01:28]} b4 {[%emt 0:
00:37]} 35. Bb2 {[%emt 0:00:09]} Rfd8 {[%emt 0:00:27]} 36. Ncb7 {[%emt 0:01:17]
} Rf8 {[%emt 0:00:31]} 37. Na5 {[%emt 0:00:45]} Qd7 {[%emt 0:00:36]} 38. Bd4 {
[%emt 0:01:15]} Ra8 {[%emt 0:00:40]} 39. Rc6 {[%emt 0:00:37]} Rfb8 {[%emt 0:00:
22]} 40. Qf3 {[%emt 0:00:00]} Ne8 {[%emt 0:00:00]} 41. Nxe8 {[%emt 0:13:16]}
Qxe8 {[%emt 0:01:26]} 42. R6c2 {[%emt 0:00:24]} 1/2-1/2

[Event "36th European Club Cup 2021"]
[Site "Struga"]
[Date "2021.09.23"]
[Round "6.30"]
[White "Bratkovic, Sham"]
[Black "Kornev, Alexei"]
[Result "0-1"]
[WhiteElo "2213"]
[BlackElo "2500"]
[Annotator "ChessBase"]
[PlyCount "94"]
[EventDate "2021.09.18"]
[EventType "team-tourn"]
[EventCountry "MKD"]
[SourceTitle "playchess.com"]
[Source "ChessBase"]
[SourceQuality "1"]
[TimeControl "40/5400+30:1800+30"]

1. d4 {[%emt 0:00:32]} Nf6 {[%emt 0:00:16]} 2. c4 {[%emt 0:01:01]} e6 {[%emt 0:
00:20]} 3. Nc3 {[%emt 0:00:47]} Bb4 {[%emt 0:00:08]} 4. e3 {[%emt 0:01:18]} O-O
{[%emt 0:00:18]} 5. Bd3 {[%emt 0:00:58]} d5 {[%emt 0:01:10]} 6. Nf3 {[%emt 0:
00:56]} dxc4 {[%emt 0:02:56]} 7. Bxc4 {[%emt 0:00:15]} b6 {[%emt 0:00:16]} 8.
O-O {[%emt 0:01:47]} Bb7 {[%emt 0:00:07]} 9. Ne5 {[%emt 0:07:25]} c5 {[%emt 0:
03:39]} 10. Ne2 {[%emt 0:05:14]} cxd4 {[%emt 0:08:08]} 11. exd4 {[%emt 0:01:16]
} Nc6 {[%emt 0:02:30]} 12. Nxc6 {[%emt 0:10:44]} Bxc6 {[%emt 0:00:35]} 13. Bg5
{[%emt 0:01:15]} b5 {[%emt 0:03:56]} 14. Bb3 {[%emt 0:04:43]} h6 {[%emt 0:00:
41]} 15. Bh4 {[%emt 0:02:32]} Be7 {[%emt 0:00:33]} 16. Rc1 {[%emt 0:02:32]} Rc8
{[%emt 0:04:44]} 17. Qd3 {[%emt 0:05:27]} Qb6 {[%emt 0:06:00]} 18. Qh3 {
[%emt 0:19:52]} Bb7 {[%emt 0:07:34]} 19. Bg3 {[%emt 0:03:02]} Bd5 {[%emt 0:07:
03]} 20. Be5 {[%emt 0:02:06]} Bc4 {[%emt 0:06:25]} 21. Bxc4 {[%emt 0:01:43]}
bxc4 {[%emt 0:00:19]} 22. b3 {[%emt 0:02:48]} cxb3 {[%emt 0:01:45]} 23. axb3 {
[%emt 0:00:31]} Nd5 {[%emt 0:02:24]} 24. Qg4 {[%emt 0:05:44]} Bf6 {[%emt 0:02:
08]} 25. Qf3 {[%emt 0:02:05]} Bg5 {[%emt 0:02:03]} 26. Rc4 {[%emt 0:05:32]}
Rfd8 {[%emt 0:05:51]} 27. h3 {[%emt 0:01:40]} Qb5 {[%emt 0:01:55]} 28. Ra4 {
[%emt 0:02:10]} a6 {[%emt 0:01:34]} 29. Qe4 {[%emt 0:02:03]} Rc6 {[%emt 0:05:
14]} 30. Rfa1 {[%emt 0:01:53]} Rdc8 {[%emt 0:02:23]} 31. Ra5 {[%emt 0:00:56]}
Qb7 {[%emt 0:01:31]} 32. f4 {[%emt 0:01:47]} Bd8 {[%emt 0:00:52]} 33. Rc5 {
[%emt 0:02:27]} f6 {[%emt 0:01:33]} 34. f5 {[%emt 0:00:57]} fxe5 {[%emt 0:02:
13]} 35. fxe6 {[%emt 0:00:12]} Rxc5 {[%emt 0:00:20]} 36. dxc5 {[%emt 0:00:07]}
Qxb3 {[%emt 0:00:59]} 37. Rxa6 {[%emt 0:00:59]} Qe3+ {[%emt 0:01:54]} 38. Qxe3
{[%emt 0:00:05]} Nxe3 {[%emt 0:00:06]} 39. Nc3 {[%emt 0:01:27]} Kf8 {[%emt 0:
02:48]} 40. Ne4 {[%emt 0:00:00]} Be7 {[%emt 0:00:00]} 41. Nd6 {[%emt 0:03:53]}
Rb8 {[%emt 0:05:31]} 42. Ra3 {[%emt 0:03:33]} Nd5 {[%emt 0:01:01]} 43. Rd3 {
[%emt 0:01:01]} Nc7 {[%emt 0:00:56]} 44. Rf3+ {[%emt 0:01:34]} Kg8 {[%emt 0:01:
33]} 45. Rf7 {[%emt 0:01:06]} Bxd6 {[%emt 0:00:07]} 46. cxd6 {[%emt 0:00:08]}
Nxe6 {[%emt 0:00:06]} 47. Re7 {[%emt 0:00:03]} Nf8 {[%emt 0:00:09]} 0-1